Electrical machines (Record no. 62473)
[ view plain ]
| 000 -LEADER | |
|---|---|
| fixed length control field | 00736nam a22002057a 4500 |
| 003 - CONTROL NUMBER IDENTIFIER | |
| control field | NUST - PNEC |
| 005 - DATE AND TIME OF LATEST TRANSACTION | |
| control field | 20170116180749.0 |
| 008 - FIXED-LENGTH DATA ELEMENTS--GENERAL INFORMATION | |
| fixed length control field | 150304b xxu||||| |||| 00| 0 eng d |
| 020 ## - INTERNATIONAL STANDARD BOOK NUMBER | |
| International Standard Book Number | 9788131760901 |
| 040 ## - CATALOGING SOURCE | |
| Transcribing agency | LIBRARY |
| 082 ## - DEWEY DECIMAL CLASSIFICATION NUMBER | |
| Classification number | 621.313 GHO |
| 100 ## - MAIN ENTRY--PERSONAL NAME | |
| 9 (RLIN) | 1581 |
| Personal name | Ghosh Smarajit |
| 245 ## - TITLE STATEMENT | |
| Title | Electrical machines |
| Statement of responsibility, etc. | Smarajit Ghosh |
| 250 ## - EDITION STATEMENT | |
| Edition statement | 2nd ed. |
| 260 ## - PUBLICATION, DISTRIBUTION, ETC. | |
| Place of publication, distribution, etc. | New Delhi : |
| Name of publisher, distributor, etc. | Dorling Kindersley (India) Pvt. Ltd, |
| Date of publication, distribution, etc. | c2012. |
| 300 ## - PHYSICAL DESCRIPTION | |
| Extent | xxi, 824 pages : |
| Other physical details | illustrations ; |
| Dimensions | 23 cm |
| 650 ## - SUBJECT ADDED ENTRY--TOPICAL TERM | |
| 9 (RLIN) | 1582 |
| Topical term or geographic name entry element | Electric machinery |
| General subdivision | ME, IME |
| 856 ## - ELECTRONIC LOCATION AND ACCESS | |
| Uniform Resource Identifier | <a href="http://www.amazon.com/Electrical-Machines-Smarajit-Ghosh-ebook/dp/B00CDIDLXK/ref=sr_1_cc_1?s=aps&ie=UTF8&qid=1425442887&sr=1-1-catcorr&keywords=9788131760901">http://www.amazon.com/Electrical-Machines-Smarajit-Ghosh-ebook/dp/B00CDIDLXK/ref=sr_1_cc_1?s=aps&ie=UTF8&qid=1425442887&sr=1-1-catcorr&keywords=9788131760901</a> |
| 942 ## - ADDED ENTRY ELEMENTS (KOHA) | |
| Source of classification or shelving scheme | |
| Koha item type | Book |
| Withdrawn status | Lost status | Source of classification or shelving scheme | Damaged status | Not for loan | Permanent Location | Current Location | Shelving location | Date acquired | Source of acquisition | Cost, normal purchase price | Total Checkouts | Full call number | Barcode | Date last seen | Cost, replacement price | Price effective from | Koha item type |
|---|---|---|---|---|---|---|---|---|---|---|---|---|---|---|---|---|---|
| Pakistan Navy Engineering College (PNEC) | Pakistan Navy Engineering College (PNEC) | 02/03/2015 | ZS Dictionary Shop / Library Grant | 482.00 | 621.313 GHO | PNECLIB-031975 | 03/04/2015 | 482.00 | 02/03/2015 | Book | |||||||
| Pakistan Navy Engineering College (PNEC) | Pakistan Navy Engineering College (PNEC) | 02/03/2015 | ZS Dictionary Shop / Library Grant | 482.00 | 621.313 GHO | PNECLIB-031976 | 03/04/2015 | 482.00 | 02/03/2015 | Book | |||||||
| Pakistan Navy Engineering College (PNEC) | Pakistan Navy Engineering College (PNEC) | 02/03/2015 | ZS Dictionary Shop / Library Grant | 482.00 | 621.313 GHO | PNECLIB-031977 | 03/04/2015 | 482.00 | 02/03/2015 | Book | |||||||
| Pakistan Navy Engineering College (PNEC) | Pakistan Navy Engineering College (PNEC) | 02/03/2015 | ZS Dictionary Shop / Library Grant | 482.00 | 621.313 GHO | PNECLIB-031978 | 03/04/2015 | 482.00 | 02/03/2015 | Book |
